| 000 | 00455nam a2200097Ia 4500 | ||
|---|---|---|---|
| 005 | 20250424112851.0 | ||
| 008 | 250424s9999 xx 000 0 und d | ||
| 300 | _ax, 171 p. ; 22 cm. | ||
| 650 | _aCulture--Study and teaching. Political culture--Africa--Periodicals. Ethnicity--Africa--Periodicals. Africa--Politics and government--1960---Periodicals. Africa--Civilization--Periodicals. Africa--Ethnic relations--Political aspects--Periodicals. | ||
| 942 | _cSR | ||
| 999 |
_c37599 _d37599 |
||